| 000 | 01232nam0a2200337 4500 | ||
|---|---|---|---|
| 001 | RU\NLR\BIBL_A\022395640 | ||
| 005 | 20250130100553.0 | ||
| 010 |
_a978-5-04-200352-3 _92000 |
||
| 021 |
_aRU _bКН-П-24-064381 _9КН-П-24-6399 |
||
| 035 | _a(NLR Aleph) 022395640 | ||
| 090 |
_a13332957 _c13332957 |
||
| 100 | _a20241128d2024 u y0rusy50 ca | ||
| 101 | 1 |
_arus _ctur |
|
| 102 | _aRU | ||
| 105 | _ao z 000ay | ||
| 181 | 0 |
_ai4 _baxxe |
|
| 182 | 0 | _an | |
| 200 | 1 |
_aЧёрная бабочка, летящая во тьму _fБиннур Шафик Нигиз _gперевод с турецкого А. Якубова |
|
| 203 |
_aТекст _bвизуальный _cнепосредственный |
||
| 210 |
_aМосква _cЭксмо, Freedom _d2024 |
||
| 215 |
_a507, [2] с. _d21 |
||
| 225 | 1 |
_aYoung Adult _eтурецкие интернет-бестселлеры |
|
| 333 | _a16+ | ||
| 686 | 1 | _aШ6(5Ту)67-440.4{Лх2280} | |
| 700 | 1 |
_7ca _8rus _aНигиз _bБ. Ш. _f1996- _gБиннур Шафак _92648198 _3RU\NLR\AUTH\770276231 |
|
| 702 | 1 |
_aЯкубов _bА. _4730 |
|
| 942 | _cBOOK | ||
| 980 | _aNB | ||